000 01971nam a22002417a 4500
008 230626e20230626xxkq||||o|||| 00| 0 eng d
041 _aeng
110 _aRoyal Institution of Chartered Surveyors
245 _aRICS Land & Resources Update
_bEarly summer quarterly report June 2023
_h[Electronic resource]
260 _aLondon,
_bRoyal Institution of Chartered Surveyors,
_c23 June 2023
490 _aRICS Land & Resources Update
_vEarly Summer 2023
520 _aDefra Baroness Rock Review; Farm Tenancy Forum; Levelling Up and Regeneration Bill Consultation; Infrastructure Levy – Technical Consultation; DLUHC Housing Supply and Markets Division; FIG in Orlando; development of RICS policy paper on Critical Minerals working with our Critical Minerals EWG and influencing initiative; RICS involvement in UK Geospatial Strategy 2030; About planned updated 2nd ed Surveyors advising in respect of the Electronic Communications Code, 1st edition (rics.org) proposed, to start in earnest post the forthcoming release of OFCOM Code of Practice (Autumn 2023). Summaries of lots of other policy involvement including DCMS telecoms workshops.
650 _aELECTRONIC COMMUNICATIONS
650 _aGEOSPATIAL
650 _aLAND
650 _aLEVELLING UP AND REGENERATION BILL
650 _aTELECOMMUNICATIONS
651 _aUnited Kingdom
690 _96251
_aLand use
710 _aRoyal Institution of Chartered Surveyors
856 _uhttps://view.officeapps.live.com/op/view.aspx?src=https%3A%2F%2Fhl-prod-ca-oc-download.s3.ca-central-1.amazonaws.com%2FRICS%2F6cd9722e-1f22-4276-8386-0188e85fd08d_file.docx%3FX-Amz-Expires%3D3600%26X-Amz-Algorithm%3DAWS4-HMAC-SHA256%26X-Amz-Credential%3DAKIAYP3G4YKN2XBRFBOE%2F20230626%2Fca-central-1%2Fs3%2Faws4_request%26X-Amz-Date%3D20230626T080721Z%26X-Amz-SignedHeaders%3Dhost%26X-Amz-Signature%3D0420de09b911f3665cb2a44a6993ca5b625ace1a6615e6d9cb2edd3d9eae678e&wdOrigin=BROWSELINK
_zAvailable online
942 _n0
999 _c121560
_d121560